Spell the Marvel Character #46 - Statistics

General Stats
  • This quiz has been taken 34 times
  • The average score is 4 of 6
Answer Stats
Picture Answer % Correct
Red Hulk
100%
Gwenpool
74%
Emma Frost
67%
Zabu
48%
Zero-G
44%
Oya
26%
No matching quizzes found
Score Distribution
Percent of People with Each Score
Percentile by Number Answered
Your Score History
You have not taken this quiz